| 000 | 00529nam a2200181 i 4500 | ||
|---|---|---|---|
| 001 | 78475 | ||
| 003 | ES-MaACL | ||
| 005 | 20230906173720.0 | ||
| 007 | t| | ||
| 008 | 041014s1965 sp ||||1| spa d | ||
| 100 | 1 |
_aHahn, Emily. _961470 |
|
| 245 | 1 | 0 |
_aChina, ayer y hoy / _cpor Emily Hahn ; [traducción de Agustín Gil]. |
| 250 | _a[1ª ed.]. | ||
| 260 |
_aBarcelona : _bPlaza y Janés, _c[1965] |
||
| 300 |
_a496 p., 9 lám. ; _c24 cm. |
||
| 700 | 1 |
_aGil Lasierra, Agustín. _956831 |
|
| 852 |
_aES-MaACL _jC-27615 _bR.56804 |
||
| 999 |
_c78475 _d78475 |
||